000 00784nam a2200253Ia 4500
003 OSt
005 20220926002151.0
006 a|||||r|||| 00| 0
007 ta
008 220923b |||||||| |||| 00| 0 eng d
020 _a8185054142
037 _cGeneral Book
040 _aRTL
_cRTL
_beng
041 _2eng
_aeng
082 _aY15-49.43.N8, M7
100 _aBjorkman James Warner Ed.
_9111161
245 0 _aChanging division of labor in South Asia
_bWomen and men in India's society ,economy and politics
260 _a New Delhi
_bManohar
_c1987
300 _axiv,152p
_ccm.
500 _aBibliography: p 141-147
650 _aWorking Women
942 _hY15-49.43.N8, M7
_cGB
_2CC
999 _c603915
_d603915